Transportation economics : A conference of the Universities-National bureau committee for economic research

Zapisane w:
Opis bibliograficzny
Korporacja: Universities National Bureau Committee for Economic Research.
Format: Książka
Język:Undetermined
Wydane: New York Distributed by Columbia University Press 1965
Hasła przedmiotowe:
Etykiety: Dodaj etykietę
Nie ma etykietki, Dołącz pierwszą etykiete!
Thư viện lưu trữ: Trung tâm Học liệu Trường Đại học Cần Thơ
LEADER 00697nam a2200193Ia 4500
001 CTU_83599
008 210402s9999 xx 000 0 und d
082 |a 338.4 
082 |b U58 
110 |a Universities National Bureau Committee for Economic Research. 
245 0 |a Transportation economics : 
245 2 |b A conference of the Universities-National bureau committee for economic research 
245 0 |c Universities National Bureau Committee for Economic Research 
260 |a New York 
260 |b Distributed by Columbia University Press 
260 |c 1965 
650 |a Transportation Congresses 
904 |i Qhieu(sửa) 
980 |a Trung tâm Học liệu Trường Đại học Cần Thơ